000 00431nam a2200169 i 4500
001 bg
100 1 _aCHWIEJ, Mieczysław.
245 0 _aPodstawy konstrukcji maszyn.
_nZ. 2 /
_cM. Chwiej.
260 _aWarszawa,
_c1983.
650 9 _aMaszyny
_xbudowa i konstrukcje
655 _aPodręczniki akademickie
040 _cBPK
041 _apol
080 _a621(075.8)
942 _cKS
008 s pl f |000 0 pol
999 _c10141
_d10141
856 _uhttp://koha.tu.koszalin.pl/cgi-bin/koha/opac-detail.pl?biblionumber=10141
_yKatalog online BPK